| 000 | 00870nam a22002537a 4500 | ||
|---|---|---|---|
| 003 | OSt | ||
| 005 | 20260112024100.0 | ||
| 008 | 260112b |||||||| |||| 00| 0 eng d | ||
| 020 | _a 0-8261-8980-6 | ||
| 040 |
_aDWCL-Admin lib _cOC |
||
| 082 | _aCirc. 305.24 Ag47 1996 | ||
| 100 | _aBirren, James E., PHD | ||
| 245 |
_aAging and biography : _bexplorations in adult development / _cJames E. Birren |
||
| 260 |
_aNY : _bSpringer Publishing Company, _cc1996 |
||
| 300 |
_axiii, 351 p. : _c23 cm. |
||
| 504 | _aIncludes bibliographical references and index. | ||
| 650 | _a1. Aging. | ||
| 650 | _a2. Aging. | ||
| 650 | _a3. Gerontology--Biographical methods. | ||
| 650 | _a4. Social sciences--Biographical methods. I. Birren, James E. II. Tile. | ||
| 700 | _aKenyon, Gary M., PHD | ||
| 700 | _aRuth, Jan-Erik, PHD | ||
| 942 |
_2ddc _cBK-CIRC _hCirc. _n0 |
||
| 999 |
_c7263 _d7263 |
||